000 00223 a2200097 4500
001 32591
100 _aHersh, S M
245 _aKissinger (The prince of power)
260 _aLondon
_bFaber & Faber
_c
090 _c21807
_d21807
942 _aNUST-CAE
_cM
_c13122
999 _c267664
_d267664